000
00212 a2200097 4500
001
30178
100
_a
Jones Philip
245
_a
The month of the Pearl
260
_a
London
_b
Pan Books
_c
090
_c
20121
_d
20121
942
_a
NUST-CAE
_c
M
_c
11250
999
_c
265251
_d
265251